|
|
|
|
| LEADER |
00000cam a22000004a 4500 |
| 001 |
musev2_67634 |
| 003 |
MdBmJHUP |
| 005 |
20230905050946.0 |
| 006 |
m o d |
| 007 |
cr||||||||nn|n |
| 008 |
161112s2015 enk o 00 0 eng d |
| 020 |
|
|
|a 9781526102898
|
| 020 |
|
|
|z 9780719074134
|
| 020 |
|
|
|z 1526102897
|
| 035 |
|
|
|a (OCoLC)960165835
|
| 040 |
|
|
|a MdBmJHUP
|c MdBmJHUP
|
| 100 |
1 |
|
|a Kennedy, Paul.
|
| 245 |
1 |
4 |
|a The Spanish Socialist Party and the modernisation of Spain
|
| 264 |
|
1 |
|a Oxford :
|b Manchester University Press,
|c 2015.
|
| 264 |
|
3 |
|a Baltimore, Md. :
|b Project MUSE,
|c 2020
|
| 264 |
|
4 |
|c ©2015.
|
| 300 |
|
|
|a 1 online resource (288 pages).
|
| 336 |
|
|
|a text
|b txt
|2 rdacontent
|
| 337 |
|
|
|a computer
|b c
|2 rdamedia
|
| 338 |
|
|
|a online resource
|b cr
|2 rdacarrier
|
| 490 |
0 |
|
|a Critical Labour Movement Studies MUP
|
| 505 |
0 |
|
|a Cover; The Spanish Socialist Party and themodernisation of Spain; Contents; Series editors foreword; Acknowledgements ; Introduction; 1 The PSOE and social democracy; 2 The character of Spanish Socialism: a historical overview, 1879-1982; 3 The PSOE and the European Community: from isolation to integration; 4 Economic policy under the PSOE, 1982-96; 5 Foreign and security policy under the PSOE government (1982-96): the irresistible force of European imperatives?; 6 The PSOE and the question of regional autonomy; 7 The PSOE in opposition, 1996-2004.
|
| 505 |
0 |
|
|a 8 Zapatismo: progressive ideology in a postƯsocial democratic world?9 Foreign and security policy under Rodríguez Zapatero; 10 Nemesis: economic policy under the PSOE and the road to defeat; 11 Conclusion; Appendix: Party organisation, membership and general election results 2000-11; Bibliography; Index.
|
| 588 |
|
|
|a Description based on print version record.
|
| 610 |
2 |
7 |
|a P.S.O.E. (Political party)
|2 fast
|0 (OCoLC)fst00554513
|
| 610 |
2 |
0 |
|a P.S.O.E. (Political party)
|x History.
|
| 650 |
|
7 |
|a Politics and government.
|2 fast
|0 (OCoLC)fst01919741
|
| 650 |
|
7 |
|a Economic development.
|2 fast
|0 (OCoLC)fst00901785
|
| 650 |
|
0 |
|a Economic development
|z Spain
|x History
|y 21st century.
|
| 650 |
|
0 |
|a Economic development
|z Spain
|x History
|y 20th century.
|
| 651 |
|
7 |
|a Spain.
|2 fast
|0 (OCoLC)fst01204303
|
| 651 |
|
0 |
|a Spain
|x Politics and government
|y 1982-
|
| 651 |
|
0 |
|a Spain
|x Politics and government
|y 1975-1982.
|
| 655 |
|
7 |
|a History.
|2 fast
|0 (OCoLC)fst01411628
|
| 655 |
|
7 |
|a Electronic books.
|2 local
|
| 700 |
1 |
|
|a Ludlam, Steve.
|
| 700 |
1 |
|
|a Callaghan, John.
|
| 700 |
1 |
|
|a Fielding, Steven.
|
| 710 |
2 |
|
|a Project Muse.
|e distributor
|
| 830 |
|
0 |
|a Book collections on Project MUSE.
|
| 856 |
4 |
0 |
|z Texto completo
|u https://projectmuse.uam.elogim.com/book/67634/
|
| 945 |
|
|
|a Project MUSE - Custom Collection
|
| 945 |
|
|
|a Project MUSE - Archive Complete Supplement VIII
|
| 945 |
|
|
|a Project MUSE - Archive Political Science and Policy Studies Supplement VIII
|